Normal view
MARC view
- Modern State
Entry Topical Term
001 - CONTROL NUMBER
- control field: 109792
003 - CONTROL NUMBER IDENTIFIER
- control field: NUST
005 - DATE AND TIME OF LATEST TRANSACTION
- control field: 20230306105024.0
008 - FIXED-LENGTH DATA ELEMENTS
- fixed length control field: 230306|| aca||aabn | a|a d
040 ## - CATALOGING SOURCE
- Original cataloging agency: NUST
- Transcribing agency: NUST
150 ## - HEADING--TOPICAL TERM
- Topical term or geographic name entry element: Modern State
670 ## - SOURCE DATA FOUND
- Source citation: Work cat.: (NUST)184869: Woolf Leonard 49363, The Modern State /
